Bahasa Melayu [ PMR - KBSM
| Main Author: | |
|---|---|
| Format: | Book |
| Published: |
Petaling Jaya :
Persekutuan Preston ,
1992
|
| Subjects: |
MARC
| LEADER | 00000cam a2200000 7i4500 | ||
|---|---|---|---|
| 001 | 0000000098 | ||
| 002 | 000000113 | ||
| 005 | 20000330.0 | ||
| 020 | |a 9679173232 | ||
| 090 | 0 | 0 | |a 499.2807 |b RUG |
| 100 | 0 | |a RUGAYAH |u binti |a Mohd. Zain | |
| 245 | 1 | 0 | |a Bahasa Melayu [ |h kits] : |b PMR - KBSM |c Rugayah Mohd. Zain |
| 260 | |a Petaling Jaya : |b Persekutuan Preston , |c 1992 | ||
| 300 | |a 1 sound cassette |e 1 book | ||
| 650 | 0 | 0 | |a Malay language |x Study and teaching |
| 999 | |a 025904 |b BUKU |c PINJAMAN |e PERPUSTAKAAN KOMUNITI PETALING JAYA | ||